Lei de recuperaȯ̂ e faln̊cia

Detalles Bibliográficos
Autor principal: Oliveira Filho, Paulo Furtado de
Formato: eBook
Lenguaje:portugués
Publicado: Indaiatuba: Editora Foco, 2022
Materias:
Acceso en línea:Acceso restringido

MARC

LEADER 00000nam a22000007a 4500
005 2022042709409.0
007 cr|||| ||||
008 220427s2022 br |||||s|||| 00||0 por d
020 |a 978-65-5515-415-3 
035 |a 36235 
040 |a vLex 
090 |c 13245  |d 13245 
100 1 |a Oliveira Filho, Paulo Furtado de 
245 1 0 |a Lei de recuperaȯ̂ e faln̊cia  |h [Recurso electrn̤ico] /  |c Paulo Furtado de Oliveira Filho 
256 |a Servicio en ln̕ea 
260 |a Indaiatuba:  |b Editora Foco,  |c 2022 
300 |a 1 recurso electrn̤ico 
506 1 |a Disponible solo en los productos indicados  |d vLex Global  |d vLex Global (Academic Edition, excluding Law Schools)  |d vLex Global (U.S. Academic Edition, Law Schools)  |d vLex Global (U.S. Academic Edition, excluding Law Schools)  |d vLex Global (Academic Edition, Law Schools) 
650 0 4 |a Derecho Mercantil y de la Empresa  |z Brasil 
740 0 |a vLex Libros (Servicio en ln̕ea) 
856 4 0 |u https://app.vlex.com/#/sources/36235  |z Acceso restringido 
942 |c BOOK 
999 0 |a Commercial and Company Law